| 000 | 00683nam a2200205 a 4500 | ||
|---|---|---|---|
| 001 | 10572 | ||
| 003 | CO-ViMGA | ||
| 008 | 141112s2004 ck r 000 u spa d | ||
| 020 | _a9681801634 | ||
| 040 |
_aCO-ViMGA _bspa _cCO-ViMGA |
||
| 082 | 0 | 4 | _a070.449 V15c |
| 100 | 1 |
_aVallejo Mejía, Mariluz _914320 |
|
| 245 | 1 | 0 |
_aLa Cronica en Colombia : _bMedio Siglo de Oro |
| 260 |
_aSantafé de Bogotá : _bPresidencia de la República, _c1997 |
||
| 300 | _a397p. | ||
| 490 | _aBiblioteca Familiar de la Presidencia de la República | ||
| 650 | 1 | 4 |
_aCRONICA - PERIODISTICA - HISTORIA Y CRITICA COLOMBIA _914321 |
| 650 | 1 | 4 |
_aCRONISTAS - COLOMBIANOS - 1910 - 1960 _914322 |
| 942 |
_2ddc _cBK |
||
| 999 |
_c21883 _d21883 |
||